000 00160 a2200085 4500
041 _aspa
100 _aWilford, judy
245 _aEl exprto en patineta
942 _cBK
999 _c9916
_d9916